Регионална библиотека "Любен Каравелов" - Русе

Мигове (Запис номер 43751)

MARC детайли
000 -Лидер
Контролно поле с фиксирана дължина 00934nam a2200277 c 4500
003 - Код на организацията, давaща контролен номер
Контролно поле BLK
005 - Дата и час на последна редакция
Контролно поле 20180420221458.0
008 - Елементи от данни с фиксирана дължина
fixed length control field 180408b bul|||||r ||||||| ||bul||
010 ## - Наследен системен номер
LC control number KNG00047497000
040 ## - Източник на каталожния запис
Идентификатор на билиотеката - собственик на записа BLK
041 ## - Код за език
Код за езика на текст/звукозапис или на отделно заглавие Български
Код за езика КДБФ Български
080 ## - УДК
Текстов определител УДК Българска литература
УДК код - определител по УДК 821.163.2
УДК определител -1
УДК - код + определител 821.163.2-1
100 1# - Редна дума - Автор
Автор Томов, Владимир
Авторска отговорност първи автор
Автор - информация (биография) Владимиров, Владимир Томов
R(LIN) 252881
139 ## - Редно поле
Редна дума Томов, Владимир
Авторски знак Томо - Т 70
245 10 - Сведения за заглавието
Заглавие Мигове
Подзаглавни данни Поезия
Редно поле (дума) Владимир Томов.
257 ## - Страна на издаване
Страна на създаване/издаване България
260 ## - Област на издателските данни
-- Кнежа
Име на издателя, разпространителя и проч. Изд. авт.
Година на издаване 2001
Печатница Кнежа : ЕТ Стефан Тишевишки
300 ## - Физическа характеристика
Страници 55 с.
Размери/Мащаб 20 см
380 ## - Жанр
Жанр Худож. лит.
500 ## - Общи забележки
Забележка Принт. изд.
852 ## - Местоположение
Форматна сигнатура Цб 210101
856 4# - Електронен адрес и достъп
Електронен формат pdf - файл
Път до файла /url/
856 4# - Електронен адрес и достъп
Електронен формат pdf - файл
Път до файла /url/
942 ## - АРТИКУЛИ
Вид на библиотечния материал Книги
Скрит в OPAC Не
944 ## - СЪЗДАВАНЕ И РЕДАКЦИЯ на ЗАПИСА
Създаване/Редакция Създаване
Дата на регистрацията/редакция 01.01.2001
Служител, извършил регистрацията/редакцията Людмила_Стоянова
944 ## - СЪЗДАВАНЕ И РЕДАКЦИЯ на ЗАПИСА
Създаване/Редакция Редакция
Дата на регистрацията/редакция 18.01.2005
Служител, извършил регистрацията/редакцията
999 ## - СИСТЕМНИ КОНТРОЛНИ НОМЕРА
Koha biblionumber 43751
Koha biblioitemnumber 43751
Наличности
Код за отписване Код за изгубен артикул Източник на класификационната схема Код за повреда Коз за рестрикции Код за отдаване Артикулен № Име на библиотеката - собственик Име на библиотеката, в която се намира в момента Статус (Текущо местоположение) Дата на вписване в системата Местоположение - отдел Цена в лева Инвентарен номер Систематично азбучна сигнатура Баркод Номер на екземпляра Цена в евро Служебна бележка Служебен тип на артикула
  Не е изгубен Universal Decimal Classification Не е повреден без рестрикции ползва се в читалня 68641 Регионална библиотека "Любен Каравелов" Русе Регионална библиотека "Любен Каравелов" Русе Хранилище 2001-01-01 Хранилище 0.00 667824 Цб 210101 120000667824 1 0.00 Дост: Dp Вид: Д N: 37 Дата: 01.01.2001 Книги
Изтеглен Не е изгубен Universal Decimal Classification Не е повреден без рестрикции заемане за дома 68642 Регионална библиотека "Любен Каравелов" Русе Регионална библиотека "Любен Каравелов" Русе Заемна - подръчен фонд 2002-10-18 Заемна - подръчен фонд 2.00 120000672964 П 886.7-1/Т 70 120000672964 2 1.02 Дост: DA Вид: А N: 42 Дата: 18.10.2002 Книги
  Не е изгубен   Не е повреден без рестрикции заемане за дома 68643 Регионална библиотека "Любен Каравелов" Русе Регионална библиотека "Любен Каравелов" Русе Заемна - подръчен фонд 2002-10-18 Заемна - подръчен фонд 2.00 120000672965 П 886.7-1/Т 70 120000672965 3 1.02 Дост: DA Вид: А N: 42 Дата: 18.10.2002 Дата инв: 14.02.2018 Бележки инв: П2018 Книги
Vip Innovations Ltd, Rousse, Bulgaria 2025